El riesgo de la confianza: cómo descubrir a Dios sin huir de mí mismo

保存先:
書誌詳細
第一著者: Márquez Calle, Miguel (autor)
フォーマット: 図書
言語:スペイン語
出版事項: Bilbao Descleé de Brouwer 1999
シリーズ:Colección Caminos, 21
主題:
タグ: タグ追加
タグなし, このレコードへの初めてのタグを付けませんか!

MARC

LEADER 00000nam a2200000 a 4500
001 UCJ2334
003 CL-VaPUC
008 061207e19990000SP |||||||||||||||||spa|d
020 |a 8443014498 
082 0 4 |a 262.3  |b MAR  |2 21 
100 |a Márquez Calle, Miguel  |e autor  |9 503334 
245 1 3 |a El riesgo de la confianza: cómo descubrir a Dios sin huir de mí mismo 
300 |a 205 p 
942 |c BK 
945 |d 20061207 00:00:00  |a jtorresc 
260 |a Bilbao  |b Descleé de Brouwer  |c 1999 
650 0 |a Teología cristiana  |9 308336 
650 0 |a Autoestima  |9 308492 
650 7 |a CONCEPTO DE SI MISMO  |2 CL-VaPUC  |9 343106 
650 0 |a Motivación   |9 315362 
650 0 |a Dios   |9 266622 
583 |a last modification  |c 20061207 00:00:00  |k Rodrigo Vera 
490 0 |a Colección Caminos, 21 
999 |c 318666  |d 318664 
952 |0 0  |1 0  |4 0  |6 262_300000000000000_MAR_1999  |7 0  |8 A  |9 396650  |a BIBTEO  |b BIBTEO  |d 2019-11-22  |i 4261836  |o 262.3 MAR 1999  |p 4261836  |r 2025-01-17  |w 2019-11-22  |y BK  |k ICR